| 000 | 01786nam a2200409 c 4500 | ||
|---|---|---|---|
| 999 |
_c202349 _d202349 |
||
| 003 | BLK | ||
| 005 | 20241017124559.0 | ||
| 008 | 180411b bul|||||r ||||||| ||bul|| | ||
| 010 | _aKNG00211813000 | ||
| 020 | _a9786190200796 | ||
| 040 | _aBLK | ||
| 041 |
_aBUL _cBUL |
||
| 072 | 7 |
_2bullib _aН37 _xОбразование. Педагогика Н |
|
| 080 |
_aВъзпитание у дома. Семейно възпитание _b37.018.1 _x(02.062) _z37.018.1(02.062) |
||
| 100 | 1 |
_aБикова, Анна Александровна _eпърви автор _9349774 |
|
| 139 |
_aБикова, Анна Александровна _bБ 44 |
||
| 245 | 1 | 0 |
_aСамостоятелното дете, или как да стана „мързелива майка“ _cАнна Александровна Бикова; прев. от рус. Ася Григорова. |
| 257 | _aRUS | ||
| 260 |
_bКолибри _c2017 _fСофия : Инвестпрес _aСофия |
||
| 300 |
_a255 с. _c20 см |
||
| 380 | _a3 | ||
| 500 | _aОриг. загл. Самостоятельный ребенок, или Как стать "ленивой мамой" / Анна Быкова. | ||
| 650 | 4 |
_aСемейно възпитание - популярна литература _9323993 |
|
| 650 | 4 |
_aВъзпитание в семейството _9242361 |
|
| 653 | _aсемейно възпитание | ||
| 659 | _aН | ||
| 700 | 1 |
_aГригорова, Ася Иванова _956189 |
|
| 852 | _aЦб 289957 | ||
| 856 | 4 | _qpdf | |
| 856 | 4 | _qpdf | |
| 942 |
_cKNG _n0 _036 _s1 |
||
| 944 |
_aCR _c29.08.2017 _lМинев Младен _k30530 |
||
| 944 |
_aED _c04.10.2017 _lф / _kЛюдмила_Стоянова |
||
| 999 | _d202349 | ||
| 999 | _d202349 | ||
| 999 | _d202349 | ||